000 03463njm0a2200409 4500
001 RU\NLR\ONIZ\196186
005 20250708192021.0
035 _a(NLR Aleph) 010403946
071 0 0 _aJMR CD 018
090 _a13281843
_c13281843
100 _a20110303d2008 |||y0rusy50 ca
102 _aRU
126 _abguxhxu ux
_bxxx
127 _a000063
200 1 _a[Играет] Нина Бейлина, скрипка
_bЗвукозапись
_fпартия фп.: Б. Тищенко
210 _aSaint-Petersbourg
_cJMR
_d2008
215 _a1 зв. диск (63 мин.), в футл.
_eприл. (2 с.)
300 _aЗаписи 1990 г. (Лютеранская церковь св. Екатерины, Санкт-Петерб.)
327 1 _a1. Соната = Sonata : для клавира и скрипки : фа мин. : BWV 1018;
_a2. Соната = Sonata : для клавира и скрипки : до мин. : BWV 1017 / И. С.Бах.
_a3. Соната = Sonata : для скрипки и клавира : соль мин. : соч. 134 : (1968) / Д.Д. Шостакович
464 0 _12001#$aСоната$dSonata$eдля клавира и скрипки$eфа мин.$eBWV 1018$zeng$fИ. С. Бах
_16061#$aСонаты для скрипки и клавира$xЗвукозапись$yГермания$z18 век$2nlr_sh
_1686##$aЩ955.4-041(4Г)$vLBC/SL$2rubbk
_1700#1$9z01790$aБах$bИ. С.$gИоганн Себастьян$f1685-1750$4230$7ca
_1790#1$9z01700$aBach$bJ. S.$gJohann Sebastian$f1685-1750$4230$7ba
_tСоната
_aБах, Иоганн Себастьян (1685-1750)
464 0 _12001#$aСоната$dSonata$eдля клавира и скрипки$eдо мин.$eBWV 1017$fИ. С.Бах$zeng
_16061#$aСонаты для скрипки и клавира$xЗвукозапись$yГермания$z18 век$2nlr_sh
_1686##$aЩ955.4-041(4Г)$vLBC/SL$2rubbk
_1700#1$9z01790$aБах$bИ. С.$gИоганн Себастьян$f1685-1750$4230$7ca
_1790#1$9z01700$aBach$bJ. S.$gJohann Sebastian$f1685-1750$4230$7ba
_tСоната
_aБах, Иоганн Себастьян (1685-1750)
464 0 _12001#$aСоната$dSonata$eдля скрипки и клавира$eсоль мин.$eсоч. 134$e(1968)$zeng$fД.Д. Шостакович
_16061#$aСонаты для скрипки и фортепиано$xЗвукозапись$yРоссия$z20 в.$2nlr_sh
_1686##$aЩ955.4-041(2)$vLBC/SL$2rubbk
_1700#1$9z01790$aШостакович$bД. Д.$gДмитрий Дмитриевич$f1906-1975$4230$7ca
_1790#1$9z01700$aŠostakovič$bD. D.$gDmitrij Dmitrievič$f1906-1975$4230$7ba
_tСоната
_aШостакович, Дмитрий Дмитриевич (1906-1975)
686 _aЩ955.4, 8(2)
_vLBC/SL
_2rubbk
700 1 _9z06790
_aБейлина
_bН. М.
_f1931-2018
_gНина Михайловна
_4590
_7ca
702 1 _9z07790
_aБейлина
_bН. М.
_f1931-2018
_gНина Михайловна
_4230
_7ca
702 1 _9z08790
_aТищенко
_bБ. И.
_f1939-2010
_gБорис Иванович
_4590
_4kfp
790 1 _9z06700
_aBeylina
_bN. M.
_f1937
_gNina Mixajlovna
_4590
_7ba
790 1 _9z07702
_aBeylina
_bN. M.
_f1937
_gNina Mixajlovna
_4230
_7ba
790 1 _9z08702
_aTičšenko
_bB.
_f1939-2010
_gBoris
_4590
_4kfp
801 0 _aRU
_bNLR
_c20110303
_gPSBO
801 1 _aRU
_bNLR
_c20110303
_2rusmarc
801 2 _aRU
_bNLR
_c20151105
852 _aNLR
_bМг
_jД/1078
_p2619
_t1
942 _cREC
980 _aNB
980 _aONIZ